000 01633cam a2200409 i 4500
001 10627
003 Mx-PuUPA
005 20220222113936.0
008 140415s1989 sp a gre 001 0 spa d
017 _aM. 9.665-1963
020 _a8423952304
040 _aMx-PuUPA
_bspa
_cMx-PuUPA
_dMx-PuUPA
_erda
041 0 _aspa
245 0 0 _aArte portugués /
_cpor José-Augusto Franca, José Luis Morales y Marín y Wifredo Rincón García ; con la colaboración de António Pedro Vicente y de Vitor Serrao ; prólogo de Joaquim Veríssimo Serrao
250 _aSegunda edición
264 1 _aMadrid :
_bEspasa-Calpe,
_c1989
_c©1986
300 _a715 páginas :
_bilustraciones (algunas a color) ;
_c28 cm
336 _2rdacontent
_atexto
_btxt
336 _2rdacontent
_aimagen fija
_bsti
337 _2rdamedia
_asin medio
_bn
338 _2rdacarrier
_avolumen
_bnc
490 1 _aSumma artis, historia general del arte ;
_v30
650 7 _aArte
_xHistoria
_2armarc
655 7 _2armarc
_aEnciclopedias
700 1 _aFranca, José-Augusto,
_eautor
700 1 _aMorales y Marín, José Luis,
_eautor
700 1 _aRincón García, Wifredo,
_eautor
700 1 _aPedro Vicente, António,
_ecolaborador
700 1 _aSerrao, Vitor,
_ecolaborador
700 1 _aVeríssimo Serrao, Joaquim,
_eprologuista
785 0 0 _aLuna, Juan J.,
_bSegunda edición
_dMadrid : Espasa-Calpe, 1990
_tPintura británica (1500-1820)
_w(Mx-PuUPA) 10629
_z8423952754
830 0 _912114
_aSumma artis, historia general del arte
_v30
942 _2ddc
_cLI
_h709
_iS955
999 _c10627
_d10627